| 000 | 00719nmc a2200289 a 4500 | ||
|---|---|---|---|
| 003 | AR-BaBNM | ||
| 005 | 20251128203634.0 | ||
| 008 | 136119s1962 ||||||||||||||000 | spa|| | ||
| 040 | _cAR-BaBNM | ||
| 100 | 1 |
_aVega, Lope de _d1562-1635 |
|
| 245 | 1 | 0 |
_aFuenteovejuna _bcomedia famosa en tres actos |
| 250 | _a6ª ed. | ||
| 260 |
_aBuenos Aires _bSopena _c1962 |
||
| 300 | 0 | _a158 p. | |
| 490 | 0 | _aLiteraria Sopena | |
| 500 | 0 | _aTexto integro de la obra | |
| 650 | 4 | _aLITERATURA ESPANOLA | |
| 650 | 4 | _aCOMEDIA | |
| 650 | 4 | _aTRAGEDIA | |
| 650 | 4 | _aSIGLO DIECISIETE | |
| 651 | 4 | _aEspaña | |
| 653 | 0 | _aSIGLO DE ORO | |
| 653 | 0 | _aCOMEDIA HISTORICA | |
| 655 | _aLITERATURA | ||
| 942 | _cBK | ||
| 998 | _cisola | ||
| 999 |
_c4271 _d4271 |
||